Effective mooring (Record no. 11935)

000 -LEADER
fixed length control field 00490nam a22001817a 4500
008 - FIXED-LENGTH DATA ELEMENTS--GENERAL INFORMATION
fixed length control field 210907b ||||| |||| 00| 0 eng d
020 ## - INTERNATIONAL STANDARD BOOK NUMBER
International Standard Book Number 9781856098076
082 ## - DEWEY DECIMAL CLASSIFICATION NUMBER
Classification number 623.888
Item number OCI
100 ## - MAIN ENTRY--PERSONAL NAME
Personal name Oil Companies International Marine Forum
245 ## - TITLE STATEMENT
Title Effective mooring
250 ## - EDITION STATEMENT
Edition statement 4th Ed.
260 ## - PUBLICATION, DISTRIBUTION, ETC. (IMPRINT)
Place of publication, distribution, etc London
Name of publisher, distributor, etc Oil Companies International Marine Forum
Date of publication, distribution, etc 2019
300 ## - PHYSICAL DESCRIPTION
Extent vi, 72p.
650 ## - SUBJECT ADDED ENTRY--TOPICAL TERM
Topical term or geographic name as entry element Mooring of ships
650 ## - SUBJECT ADDED ENTRY--TOPICAL TERM
Topical term or geographic name as entry element Deep-sea moorings
650 ## - SUBJECT ADDED ENTRY--TOPICAL TERM
Topical term or geographic name as entry element Anchorage
942 ## - ADDED ENTRY ELEMENTS (KOHA)
Item type Books
Holdings
Withdrawn status Lost status Damaged status Not for loan Collection code Permanent location Current location Shelving location Date acquired Full call number Barcode Date last seen Koha item type Public note Source of classification or shelving scheme
        Non-fiction IMU-MPC Library IMU-MPC Library General Stacks 2022-07-15 623.888 OCI LBS10519 2025-03-17 Books Column-1  
        Non-fiction IMU-MPC Library IMU-MPC Library General Stacks 2022-07-15 623.888 OCI MPC6397 2025-03-17 Books Column-1  
        Non-fiction IMU-MPC Library IMU-MPC Library General Stacks 2022-07-15 623.888 OCI LBS10518 2025-03-17 Books Column-1  
Copyright © 2021 Indian Maritime University, Mumbai Port Campus. All Rights Reserved. Managed & Maintained by Central Library, IMU-Mumbai

webs counters

Powered by Koha